| 000 | 00742nam a22002055i 4500 | ||
|---|---|---|---|
| 001 | 162068 | ||
| 003 | ES-MaACL | ||
| 005 | 20230906212424.0 | ||
| 008 | 940301s1882 sp |||| | spa d | ||
| 040 |
_aAS _bspa |
||
| 100 | 1 |
_aPicón, Jacinto Octavio, _d1852-1923 _991875 |
|
| 245 | 1 | 0 |
_aLázaro _b: casi novela / _cpor Jacinto Octavio Picón. |
| 260 |
_aMadrid : _bLibrería de Fernando Fé ; _aSevilla : _bLibrería de Hijos de Fé, _c1882. |
||
| 300 |
_a251 p. ; _c15 cm. |
||
| 700 | 1 | 1 |
_aFé, Fernando, _eed. _9176453 |
| 752 |
_aEspaña - _d, Madrid |
||
| 752 |
_aEspaña - _d, Sevilla |
||
| 852 |
_aES-MaACL _jG-15351 _z-- Enc. pasta española _x-- Edic.: añadir en T260 (Imp. A. Pérez Dubrull) |
||
| 999 |
_c162068 _d162068 |
||